000 00864nam a2200265Ia 4500
003 OSt
005 20221002045145.0
006 a|||||r|||| 00| 0
007 ta
008 220930b |||||||| |||| 00| 0 eng d
020 _a9780691154916 (pbk)
_c3043.26
024 _a9962
037 _b40685, 21/03/2014, Segment Book Distributors
_cReference Collections
040 _aCRL
_cCRL
_beng
041 _2eng
_aeng
082 _aO111,1k, L4;Q2(RR)
100 _aGreene Roland Ed.
245 0 _aPrinceton encycloedia of poetry & poetics
250 _a4th ed.
260 _aPrinceton
_bPrinceton University Press UK
_c2012
300 _axxxvi,1639p.
_ccm.
650 _aENGLISH LITERATURE
942 _hO111,1k, L4;Q2(RR)
_cref
_2CC
999 _c911890
_d911890